FUN AND GAME A TEXT ON GAME THEORY (Record no. 1504)
[ view plain ]
| 000 -LEADER | |
|---|---|
| fixed length control field | 00338nam a2200133Ia 4500 |
| 008 - FIXED-LENGTH DATA ELEMENTS--GENERAL INFORMATION | |
| fixed length control field | 240624s9999 xx 000 0 und d |
| 041 ## - LANGUAGE CODE | |
| Language code of text/sound track or separate title | eng |
| 082 ## - DEWEY DECIMAL CLASSIFICATION NUMBER | |
| Classification number | 658.40352 BIN |
| 100 ## - MAIN ENTRY--PERSONAL NAME | |
| Personal name | BINMORE KEN |
| 245 ## - TITLE STATEMENT | |
| Title | FUN AND GAME A TEXT ON GAME THEORY |
| 260 ## - PUBLICATION, DISTRIBUTION, ETC. | |
| Date of publication, distribution, etc. | 1999 |
| Place of publication, distribution, etc. | Delhi |
| Name of publisher, distributor, etc. | A.I.T.B.S. |
| 300 ## - PHYSICAL DESCRIPTION | |
| Extent | xxix, : 602 : p. : cm. ; 24 |
| 365 ## - TRADE PRICE | |
| Currency code | RS |
| Withdrawn status | Lost status | Damaged status | Not for loan | Home library | Current library | Shelving location | Date acquired | Source of acquisition | Cost, normal purchase price | Total Holds | Full call number | Barcode | Date last seen | Copy number | Price effective from | Koha item type |
|---|---|---|---|---|---|---|---|---|---|---|---|---|---|---|---|---|
| IMTN | IMTN | Rack 29-A | 12/08/2004 | AITBS | 250.00 | 238 | 658.40352 BIN | 1504 | 06/24/2024 | 1 | 06/24/2024 | Books |